Ekonomika Estonii.

Predpoklady ekonomickej samostatnosti Estónska v niektorých druhoch produkcie a jej spätosť s inými republikami. Miesto ťažobného, ľahkého a strojárskeho priemyslu v štruktúre hospodárstva. Formovanie tovarového trhu v podmienkach nedostatku tovarov. Sociálne zabezpečenie obyvateľov.

Enregistré dans:
Détails bibliographiques
Auteur principal: Orlova, D.
Format: Chapitre de livre
Langue:russe
Sujets:
Tags: Ajouter un tag
Pas de tags, Soyez le premier à ajouter un tag!

MARC

LEADER 00000naa a2200000 4500
001 r003978
005 20221208123012.1
041 0 |a rus 
044 |a [SU] 
245 1 0 |a Ekonomika Estonii.  |c D. Orlova 
520 |a Predpoklady ekonomickej samostatnosti Estónska v niektorých druhoch produkcie a jej spätosť s inými republikami. Miesto ťažobného, ľahkého a strojárskeho priemyslu v štruktúre hospodárstva. Formovanie tovarového trhu v podmienkach nedostatku tovarov. Sociálne zabezpečenie obyvateľov. 
610 2 0 |a rozvoj hospodársky 
610 2 0 |a samostatnosť hospodárska 
610 2 0 |a priemysel ľahký 
610 2 0 |a priemysel strojársky 
610 2 0 |a priemysel ťažobný 
610 2 0 |a štruktúra ekonomiky odvetvová 
610 2 0 |a zabezpečenie sociálne 
610 2 0 |a Estónsko 
100 1 |a Orlova, D.